Statistics for Guess Turkic Empires/Countries From Maps

Click here to take the quiz!

General Stats

  • This quiz has been taken 138 times
  • The average score is 8 of 16

Answer Stats

Answer% Correct
Ottoman Empire
98%
Turkey
76%
Kazakhstan
73%
Turkmenistan
69%
Kyrgyzstan
68%
Uzbekistan
68%
Azerbaijan
67%
Hungary
65%
Gokturk
58%
Northern Cyprus
48%
Golden Horde
30%
Safavid
29%
Timurids
17%
European Hun
13%
Asian Hun
11%
Great Seljuks
6%

Score Distribution

Percentile by Number Answered

Percent of People with Each Score

Your Score History

You have not taken this quiz